[Event "WLS-ch Minor 64th"]
[Site "Cardiff"]
[Date "2018.03.30"]
[Round "2"]
[White "Vesz, Marcell"]
[Black "Smith, Chris P"]
[Result "1/2-1/2"]
[WhiteElo "1631"]
[BlackElo "1446"]
[PlyCount "62"]
[EventDate "2018.03.30"]
[EventType "swiss"]
[EventRounds "7"]
[EventCountry "WLS"]
[SourceTitle "EXT 2021"]
[Source "ChessBase"]
[SourceDate "2020.10.23"]
[SourceVersion "1"]
[SourceVersionDate "2020.10.23"]
[SourceQuality "1"]

1. e4 d6 2. d4 Nf6 3. Nc3 g6 4. Be3 Bg7 5. f4 Na6 6. e5 dxe5 7. fxe5 Nd5 8. Nxd5 Qxd5 9. Nf3 b6 10. c4 Qb7 11. Be2 c5 12. d5 Bg4 13. h3 Bf5 14. a3 0-0 15. Qd2 Nb8 16. Bh6 Nd7 17. Bxg7 Kxg7 18. 0-0-0 Rfd8 19. Rhf1 Be4 20. Qc3 Kg8 21. Nd2 Bxg2 22. Rf2 Bxd5 23. cxd5 Qxd5 24. Nf3 Qe4 25. Bc4 Qf4+ 26. Kb1 Nxe5 27. Rxd8+ Rxd8 28. Nxe5 Qxf2 29. Nxf7 Rd1+ 30. Ka2 Qd4 31. Ng5+ Kh8 1/2-1/2